| 000 | 00808nam a2200205 a 4500 | ||
|---|---|---|---|
| 001 | 13068 | ||
| 003 | BD-JhCC | ||
| 005 | 20230617112218.0 | ||
| 008 | 230616b2018 bg |||| ||a| 00| 0 ben d | ||
| 035 | _a(BD-JhCC)13068 | ||
| 040 |
_aBD-JhCC _dBD-JhCC |
||
| 041 | _aBengali | ||
| 082 |
_bBIS 2018 _a808.831 |
||
| 245 |
_aবিশ্বসেরা কিশোর অ্যাডভেঞ্চার / _cসম্পা: প্রফেসর ড. মোহাম্মদ কামরুলজ্জামান । |
||
| 260 |
_aঢাকা: _bশিরীন পাবলিকেশন্স; _c2018. |
||
| 300 |
_a160 p. : _c22 cm. |
||
| 650 | _aAdventure Short stories | ||
| 700 | _aকামরুলজ্জামান, প্রফেসর ড. মোহাম্মদ | ||
| 942 |
_2ddc _cBK |
||
| 999 |
_c13068 _d13068 |
||